The first civilizations : the archaeology of their origins /

محفوظ في:

المؤلف الرئيسي: Danial, Glyn Edmund. (مؤلف)

التنسيق: كتاب

اللغة: English

منشور في: London : Thames & Hudson, 1968.

الموضوعات:

الوسوم: إضافة وسم

لا توجد وسوم, كن أول من يضع وسما على هذه التسجيلة!

رقم الطلب: CB311 .D21 1968

LEADER 00661nam a2200205Ia 4500
003 OSt
005 20251110151518.0
008 211223s1968 enkabef b 000 0 eng d
040 |c ARCE Library 
050 4 |a CB311 .D21 1968 
100 1 |a Danial, Glyn Edmund.  |e author 
245 1 0 |a The first civilizations :   |b the archaeology of their origins /   |c [by] Glyn Daniel.  |n   
264 1 |a London :   |b Thames & Hudson,   |c 1968. 
300 |a 208 p. :   |b 8 plates, illus., facsims., maps, plan ;   |c 25 cm. 
504 |a Bibliography : p. 202. 
650 0 |a Civilization, Ancient. 
650 0 |a Antropologia Cult Social. 
901 |a reviewed 
942 |2 lcc  |c BK 
999 |c 41258  |d 41258